| 000 | 00436nam a22001817a 4500 | ||
|---|---|---|---|
| 003 | koha_MIRAKIL | ||
| 005 | 20231213095533.0 | ||
| 008 | 231213b |||||||| |||| 00| 0 ||| d | ||
| 020 | _b978-9-75050693-2 | ||
| 040 |
_aTR-IsEVY _btur _cTR-IsEVY |
||
| 082 | _a500 STR/Y | ||
| 100 | _aSTRAUSS, ROCHELLE. | ||
| 245 | 0 | _aYAŞAM AĞACI. | |
| 260 |
_bİletişim, _c2009 |
||
| 300 | _a40. | ||
| 650 | _aDoğa Bilimleri. | ||
| 942 |
_2ddc _cBK |
||
| 999 |
_c5283 _d5283 |
||